Parola e scrittura: atti della giornata di studi interfacoltà Pontificio Ateneo Sant'Anselmo Roma, 6 ottobre 2015
| Corporate Authors: | ; |
|---|---|
| Contributors: | ; ; |
| Format: | Print Book |
| Language: | Italian |
| Subito Delivery Service: | Order now. |
| Check availability: | HBZ Gateway |
| WorldCat: | WorldCat |
| Interlibrary Loan: | Interlibrary Loan for the Fachinformationsdienste (Specialized Information Services in Germany) |
| Published: |
[Sankt Ottilien]
EOS - Editions of Sankt Ottilien
2017
Roma Pontificio Ateneo S. Anselmo 2017 |
| In: |
Studia Anselmiana (172)
Year: 2017 |
| Volumes / Articles: | Show volumes/articles. |
| Edition: | First impression |
| Series/Journal: | Studia Anselmiana
172 |
| Standardized Subjects / Keyword chains: | B
Word
/ Writing
/ Liturgy
/ Theology
|
| Further subjects: | B
Conference program 2015 (Vatican Palace)
B Conference program |
| Online Access: |
Table of Contents Blurb (Publisher) |
MARC
| LEADER | 00000cam a2200000 c 4500 | ||
|---|---|---|---|
| 001 | 890610134 | ||
| 003 | DE-627 | ||
| 005 | 20251224204929.0 | ||
| 007 | tu | ||
| 008 | 170620s2017 gw ||||| 00| ||ita c | ||
| 020 | |a 9783830678502 |9 978-3-8306-7850-2 | ||
| 035 | |a (DE-627)890610134 | ||
| 035 | |a (DE-576)489681786 | ||
| 035 | |a (DE-599)BSZ489681786 | ||
| 035 | |a (OCoLC)993014009 | ||
| 035 | |a (OCoLC)993014009 | ||
| 035 | |a (ZDB-21-EIL)4143725 | ||
| 040 | |a DE-627 |b ger |c DE-627 |e rda | ||
| 041 | |a ita | ||
| 044 | |c XA-DE | ||
| 050 | 0 | |a BV | |
| 082 | 0 | |a 264 |2 14 | |
| 082 | 0 | |a 264.02 |q DE-101 |2 22/ger | |
| 082 | 0 | 4 | |a 230 |q DE-101 |
| 084 | |a 1 |2 ssgn | ||
| 084 | |a BG 2220 |q BVB |2 rvk |0 (DE-625)rvk/11211: | ||
| 084 | |a 11.61 |2 bkl | ||
| 084 | |a 11.74 |2 bkl | ||
| 090 | |a a | ||
| 111 | 2 | |j VerfasserIn |0 (DE-588)113739983X |0 (DE-627)894595997 |0 (DE-576)491310838 |4 aut |a Parola e scrittura |g Veranstaltung |d Rom |c 2015 | |
| 245 | 1 | 0 | |a Parola e scrittura |b atti della giornata di studi interfacoltà Pontificio Ateneo Sant'Anselmo Roma, 6 ottobre 2015 |c a cura di Eduardo López-Tello García, O.S.B., Philippe Nouzille, O.S.B., Olivier-Marie Sarr, O.S.B. |
| 250 | |a First impression | ||
| 264 | 1 | |a [Sankt Ottilien] |b EOS - Editions of Sankt Ottilien |c 2017 | |
| 264 | 1 | |a Roma |b Pontificio Ateneo S. Anselmo |c 2017 | |
| 300 | |a IX, 251 Seiten |c 25 cm | ||
| 336 | |a Text |b txt |2 rdacontent | ||
| 337 | |a ohne Hilfsmittel zu benutzen |b n |2 rdamedia | ||
| 338 | |a Band |b nc |2 rdacarrier | ||
| 490 | 1 | |a Studia Anselmiana |v 172 | |
| 500 | |a University lectures | ||
| 500 | |a Includes bibliographical references and index | ||
| 583 | 1 | |a Archivierung/Langzeitarchivierung gewährleistet |f SSG |x XA-DE-BW |2 pdager |5 DE-21 | |
| 655 | 7 | |a Konferenzschrift |y 2015 |z Rom |0 (DE-588)1071861417 |0 (DE-627)826484824 |0 (DE-576)433375485 |2 gnd-content | |
| 655 | 7 | |a Konferenzschrift |0 (DE-588)1071861417 |0 (DE-627)826484824 |0 (DE-576)433375485 |2 gnd-content | |
| 689 | 0 | 0 | |d s |0 (DE-588)4066951-8 |0 (DE-627)106111167 |0 (DE-576)209167432 |2 gnd |a Wort |
| 689 | 0 | 1 | |d s |0 (DE-588)4053297-5 |0 (DE-627)104162376 |0 (DE-576)209103140 |2 gnd |a Schrift |
| 689 | 0 | 2 | |d s |0 (DE-588)4036050-7 |0 (DE-627)106244558 |0 (DE-576)209016175 |2 gnd |a Liturgie |
| 689 | 0 | 3 | |d s |0 (DE-588)4059758-1 |0 (DE-627)104131446 |0 (DE-576)209132159 |2 gnd |a Theologie |
| 689 | 0 | |5 DE-101 | |
| 700 | 1 | |e HerausgeberIn |0 (DE-588)173719716 |0 (DE-627)698625897 |0 (DE-576)134560922 |4 edt |a López-Tello García, Eduardo |d 1967- | |
| 700 | 1 | |e HerausgeberIn |0 (DE-588)1041885040 |0 (DE-627)767899687 |0 (DE-576)182256227 |4 edt |a Nouzille, Philippe | |
| 700 | 1 | |e HerausgeberIn |0 (DE-588)1053546548 |0 (DE-627)790221527 |0 (DE-576)409500216 |4 edt |a Sarr, Olivier-Marie |d 1976- | |
| 710 | 2 | |e HerausgeberIn |0 (DE-588)1024249-1 |0 (DE-627)103551697 |0 (DE-576)191278351 |4 edt |a Pontificio Ateneo S. Anselmo | |
| 830 | 0 | |a Studia Anselmiana |v 172 |9 172 |w (DE-627)130025399 |w (DE-576)015567354 |w (DE-600)423829-1 |7 am | |
| 856 | 4 | 2 | |u https://swbplus.bsz-bw.de/bsz489681786kla.htm |m B:DE-576;DE-21 |q application/pdf |v 20170703151244 |x Verlag |3 Klappentext |7 1 |
| 856 | 4 | 2 | |u https://swbplus.bsz-bw.de/bsz489681786inh.htm |m B:DE-576;DE-21 |q application/pdf |v 20170703151244 |x Verlag |3 Inhaltsverzeichnis |7 1 |
| 935 | |i sf | ||
| 936 | r | v | |a BG 2220 |b Wort und Theologie, Sprache und Theologie |k Theologie und Religionswissenschaften |k Fundamentaltheologie |k Hermeneutik, Wissenschaftstheorie und Methodenlehre |k Hermeneutik |k Wort und Theologie, Sprache und Theologie |0 (DE-627)1270722441 |0 (DE-625)rvk/11211: |0 (DE-576)200722441 |
| 936 | b | k | |a 11.61 |j Dogmatik |j Konfessionskunde |0 (DE-627)106403850 |
| 936 | b | k | |a 11.74 |j Liturgik |0 (DE-627)106419714 |
| 951 | |a BO | ||
| ACO | |a 1 | ||
| ELC | |b 1 | ||
| ITA | |a 1 |t 1 | ||
| LOK | |0 000 xxxxxcx a22 zn 4500 | ||
| LOK | |0 001 3264377284 | ||
| LOK | |0 003 DE-627 | ||
| LOK | |0 004 890610134 | ||
| LOK | |0 005 20170628141538 | ||
| LOK | |0 008 170620||||||||||||||||ger||||||| | ||
| LOK | |0 040 |a DE-21 |c DE-627 |d DE-21 | ||
| LOK | |0 852 |z 1. impression | ||
| LOK | |0 852 |a DE-21 | ||
| LOK | |0 852 1 |c 57 A 4234 |9 00 | ||
| LOK | |0 935 |a theo | ||
| LOK | |0 936ln |a t3.2 | ||
| LOK | |0 938 |a 1706 |f 2 | ||
| LOK | |0 939 |a 20-06-17 |b l01 | ||
| ORI | |a SA-MARC-ixtheoa001.raw | ||
| SPR | |a 1 |t IXT | ||
| STA | 0 | 0 | |a Liturgy,Liturgy,Theology,Theology,Word,Writing,Writing,Script,Writing system,System of writing |
| STB | 0 | 0 | |a Liturgie,Liturgie,Locutions,Théologie,Théologie,Écriture,Écriture |
| STC | 0 | 0 | |a Escritura,Escritura,Liturgia,Liturgia,Palabra,Teología,Teología |
| STD | 0 | 0 | |a Liturgia,Liturgia,Parola,Verbo (Bibbia),Verbo,Scrittura,Scrittura,Teologia,Teologia |
| STE | 0 | 0 | |a 文字,文字,礼仪,礼仪,礼拜仪式,神学家,话,言语 |
| STF | 0 | 0 | |a 文字,文字,神學家,禮儀,禮儀,禮拜儀式,話,言語 |
| STG | 0 | 0 | |a Escritura,Escritura,Liturgia,Liturgia,Palavra,Teologia,Teologia |
| STH | 0 | 0 | |a Богословие (мотив),Богословие,Литургия (мотив),Литургия,Письменность,Письменность,Алфавит,Алфавит (мотив),Слово |
| STI | 0 | 0 | |a Γραφή (μοτίβο),Γραφή,Θεία Λειτουργία (μοτίβο),Θεία Λειτουργία,Θεολογία (μοτίβο),Θεολογία,Λέξη |
| SYG | 0 | 0 | |a Wörter , Schriften , Christentum,Christliche Liturgie , Christliche Theologie |
| TIM | |a 100020150101_100020151231 |b 2015 - 2015 | ||